2006 NHL Entry Draft 1st Round Selections - Statistics

General Stats
  • This quiz has been taken 118 times
  • The average score is 10 of 30
Answer Stats
Pick Player Junior Team NHL Team % Correct
1 Erik Johnson USNTDP St Louis Blues
97%
3 Jonathan Toews University of North Dakota Chicago Blackhawks
95%
4 Nicklas Backstrom Brynäs IF Washington Capitals
90%
2 Jordan Staal Peterborough Petes Pittsburgh Penguins
81%
5 Phil Kessel University of Minnesota Boston Bruins
77%
22 Claude Giroux Gatineau Olympiques Philadelphia Flyers
45%
7 Kyle Okposo Des Moines Buccaneers NY Islanders
39%
6 Derick Brassard Drummondville Voltigeurs Columbus Blue Jackets
32%
8 Peter Mueller Everett Silvertips Phoenix Coyotes
29%
23 Semyon Varlamov Lokomotiv Yaroslavl Washington Capitals
26%
11 Jonathan Bernier Lewiston Maineiacs LA Kings
24%
28 Nick Foligno Sudbury Wolves Ottawa Senators
24%
25 Patrik Berglund VIK Västerås HK St Louis Blues
24%
12 Bryan Little Barrie Colts Atlanta Thrashers
23%
9 James Sheppard Cape Breton Screaming Eagles Minnesota Wild
23%
13 Jiri Tlusty HC Rabat Kladno Toronto Maple Leafs
23%
15 Riku Helenius Ilves Jr. TB Lightning
23%
10 Michael Frolik HC Rabat Kladno Florida Panthers
21%
17 Trevor Lewis Des Moines Buccaneers LA Kings
19%
21 Bobby Sanguinetti Owen Sound Attack NY Rangers
16%
18 Chris Stewart Kingston Frontenacs Colorado Avalanche
16%
29 Chris Summers USNTDP Phoenix Coyotes
16%
20 David Fischer Apple Valley High School Montreal Canadiens
16%
14 Michael Grabner Spokane Chiefs Vancouver Canucks
16%
16 Ty Wishart Prince George Cougars SJ Sharks
16%
24 Dennis Persson VIK Västerås HK Buffalo Sabres
15%
26 Leland Irving Everett Silvertips Calgary Flames
15%
19 Mark Mitera University of Michigan Anaheim Ducks
15%
30 Matt Corrente Saginaw Spirit NJ Devils
15%
27 Ivan Vishnevskiy Rouyn-Noranda Huskies Dallas Stars
13%
No matching quizzes found
Score Distribution
Percent of People with Each Score
Percentile by Number Answered
Your Score History
You have not taken this quiz